[Event "3rd EUR-ch"]
[Site "Batumi GEO"]
[Date "2002.06.22"]
[Round "10"]
[White "Erdogdu, Mert"]
[Black "Ataman, Alper"]
[Result "1/2-1/2"]
[WhiteElo "2295"]
[BlackElo "2191"]
[EventDate "2002.06.12"]
[PlyCount "97"]

1.e4 c5 2.Nf3 Nc6 3.d4 cxd4 4.Nxd4 Nf6 5.Nc3 e5 6.Ndb5 d6 7.Bg5 a6 8.Na3 
b5 9.Bxf6 gxf6 10.Nd5 Bg7 11.g3 f5 12.Bg2 fxe4 13.Bxe4 Be6 14.Qh5 Rc8 15.
c3 Ne7 16.Rd1 Nxd5 17.Bxd5 Bxd5 18.Rxd5 O-O 19.Qd1 Rc6 20.O-O Qe7 21.Nc2 
f5 22.Qe2 f4 23.f3 Rf6 24.Nb4 Rc8 25.Rd3 Rg6 26.Nd5 Qg5 27.g4 h5 28.h3 
hxg4 29.hxg4 Rh6 30.Qg2 Kf7 31.Rf2 Rch8 32.Kf1 Rh1+ 33.Ke2 Rb1 34.Rf1 
Rxb2+ 35.Rd2 Rxd2+ 36.Kxd2 Bf6 37.Qf2 Be7 38.Qa7 Rh2+ 39.Kc1 Rxa2 40.Kb1 
Rh2 41.Rd1 a5 42.Qd7 Qg6+ 43.Ka1 Qe6 44.Qxb5 Qc8 45.Rb1 Rd2 46.Rb2 Rd1+ 
47.Rb1 Rd2 48.Rb2 Rd1+ 49.Rb1 1/2-1/2

[Event "3rd EUR-ch"]
[Site "Batumi GEO"]
[Date "2002.06.22"]
[Round "10"]
[White "Kamadadze, Zviad"]
[Black "Morchiashvili, Bachana"]
[Result "0-1"]
[WhiteElo "2225"]
[BlackElo "2167"]
[EventDate "2002.06.12"]
[PlyCount "106"]

1.d4 Nf6 2.c4 g6 3.Nc3 d5 4.Bg5 Ne4 5.Bh4 Nxc3 6.bxc3 Bg7 7.e3 c5 8.cxd5 
Qxd5 9.Qf3 Qd8 10.Bc4 O-O 11.Ne2 cxd4 12.exd4 Nc6 13.O-O Na5 14.Bb3 Bd7 
15.c4 Rc8 16.Rac1 b5 17.c5 Bc6 18.Qe3 Nxb3 19.axb3 Qd7 20.Rfd1 a5 21.f3 e6
22.Nc3 a4 23.bxa4 bxa4 24.Ne4 f5 25.Nd6 Rb8 26.Rb1 Bd5 27.Bg3 Rb3 28.Rxb3 
axb3 29.Be5 Bxe5 30.dxe5 b2 31.Qa3 Rb8 32.Rb1 Rb3 33.Qa6 Qc7 34.Qc8+ Qxc8 
35.Nxc8 Rb4 36.Ne7+ Kf7 37.Nxd5 exd5 38.g3 g5 39.Kf2 Ke6 40.c6 f4 41.gxf4 
gxf4 42.h4 h5 43.Ke2 Rb3 44.Kd2 Rxf3 45.Kc2 Rf2+ 46.Kd3 Rg2 47.Kd4 f3 48.
c7 Kd7 49.Kxd5 Kxc7 50.e6 f2 51.e7 Kd7 52.Rf1 Rg1 53.Rxf2 b1=Q 0-1

[Event "3rd EUR-ch"]
[Site "Batumi GEO"]
[Date "2002.06.22"]
[Round "10"]
[White "Klerides, Paris"]
[Black "Chigladze, Iveri"]
[Result "0-1"]
[WhiteElo "2210"]
[BlackElo "2149"]
[EventDate "2002.06.12"]
[PlyCount "106"]

1.e4 Nf6 2.e5 Nd5 3.d4 d6 4.Nf3 Bg4 5.Be2 Nc6 6.e6 fxe6 7.Ng5 Bxe2 8.Qxe2 
Nxd4 9.Qd1 Nb4 10.Na3 Nbc6 11.c3 Nf5 12.Nxe6 Qd7 13.Qd5 g6 14.Nb5 Rc8 15.
O-O Ne5 16.Nxf8 Rxf8 17.Qxb7 c6 18.Qxd7+ Kxd7 19.Nd4 Nd3 20.Nxf5 gxf5 21.
Bh6 Rf6 22.Be3 Nxb2 23.Rfb1 Na4 24.Rb3 c5 25.Ra3 Nb6 26.Rxa7+ Rc7 27.Ra6 
Nc4 28.Rb1 Rb7 29.Ra4 d5 30.Bg5 Rfb6 31.h4 h6 32.Bf4 e5 33.Be3 Kc6 34.Re1 
f4 35.Bc1 Rb1 36.Kf1 Ra1 37.Ra6+ Kc7 38.Rxh6 Rbb1 39.Rh7+ Kc6 40.Rh6+ Kd7 
41.g4 fxg3 42.fxg3 Rxc1 43.Rxc1 Rxc1+ 44.Kg2 e4 45.Rh7+ Kc6 46.h5 e3 47.
Re7 Rc2+ 48.Kh3 Rxa2 49.h6 Ra8 50.g4 d4 51.cxd4 cxd4 52.Kg3 d3 53.Re4 Kd5 
0-1

[Event "3rd EUR-ch"]
[Site "Batumi GEO"]
[Date "2002.06.22"]
[Round "10"]
[White "Yilmaz, Turhan"]
[Black "Mareck, Sascha"]
[Result "1/2-1/2"]
[WhiteElo "2303"]
[BlackElo "2249"]
[EventDate "2002.06.12"]
[PlyCount "96"]

1.d4 Nf6 2.c4 g6 3.Nc3 Bg7 4.e4 d6 5.f3 O-O 6.Be3 e5 7.Nge2 c6 8.Qd2 Nbd7 
9.d5 cxd5 10.cxd5 a6 11.O-O-O b5 12.g4 h5 13.h3 Nb6 14.b3 Bd7 15.Kb2 a5 
16.Bg5 a4 17.Ng3 axb3 18.axb3 Qb8 19.Be2 Nc4+ 20.Bxc4 bxc4 21.Qc2 cxb3 22.
Qd2 Rc8 23.Ra1 Ra2+ 24.Rxa2 bxa2+ 25.Ka1 Qb3 26.Rc1 Nh7 27.Be3 f5 28.exf5 
gxf5 29.gxf5 h4 30.Nh5 Bxf5 31.Nxg7 Kxg7 32.Bh6+ Kf7 33.Ne4 Rxc1+ 34.Qxc1 
Qb1+ 35.Qxb1 axb1=Q+ 36.Kxb1 Kg6 37.Bd2 Nf6 38.Kc1 Bxe4 39.fxe4 Nxe4 40.
Bb4 Kf5 41.Kc2 Kf4 42.Kd3 Kf3 43.Ba3 Nf2+ 44.Kc4 Ne4 45.Kd3 Nf6 46.Bxd6 
e4+ 47.Kd4 e3 48.Bb4 Nxd5 1/2-1/2

[Event "3rd EUR-ch"]
[Site "Batumi GEO"]
[Date "2002.06.22"]
[Round "10"]
[White "Duman, Aydin"]
[Black "Essing, Arnold"]
[Result "0-1"]
[WhiteElo "2155"]
[BlackElo "2286"]
[EventDate "2002.06.12"]
[PlyCount "96"]

1.e4 Nf6 2.e5 Nd5 3.d4 d6 4.Nf3 g6 5.Bc4 Nb6 6.Bb3 Bg7 7.O-O O-O 8.a4 a5 
9.exd6 cxd6 10.h3 h6 11.Nc3 Bd7 12.Be3 Na6 13.Re1 Rc8 14.Nd2 Nb4 15.d5 Re8
16.Qf3 Na6 17.Qg3 Nc5 18.Qh4 Kh7 19.Bg5 f6 20.Be3 Nxb3 21.cxb3 e5 22.dxe6 
Bxe6 23.Bd4 Nd7 24.Nde4 g5 25.Qg3 Ne5 26.Nb5 Rc6 27.Rad1 d5 28.Nc5 b6 29.
Nxe6 Rcxe6 30.Bxe5 fxe5 31.Qd3+ e4 32.Qxd5 Qxd5 33.Rxd5 e3 34.fxe3 Rxe3 
35.Rxe3 Rxe3 36.Rd7 Rxb3 37.Rb7 Rxb2 38.Kf1 Rb4 39.Nc7 Kg6 40.Nd5 Rxa4 41.
Rxb6+ Kf5 42.Rb5 Ke4 43.Rb7 Ra1+ 44.Ke2 Ra2+ 45.Kf1 Bd4 46.Ne7 Rf2+ 47.Ke1
Rf7 48.Rc7 a4 0-1

[Event "3rd EUR-ch"]
[Site "Batumi GEO"]
[Date "2002.06.22"]
[Round "10"]
[White "Urushadze, Davit"]
[Black "Sulashvili, Malkhaz"]
[Result "0-1"]
[WhiteElo "2272"]
[BlackElo "2254"]
[EventDate "2002.06.12"]
[PlyCount "74"]

1.d4 d5 2.c4 dxc4 3.e3 Nf6 4.Bxc4 e6 5.Nf3 a6 6.Bb3 c5 7.O-O Nc6 8.Nc3 
cxd4 9.exd4 Be7 10.a3 O-O 11.Qd3 b5 12.Bc2 Bb7 13.b4 Re8 14.Be3 g6 15.Rfd1
Rc8 16.Rac1 Nd5 17.Nxd5 exd5 18.Nd2 Qb6 19.Nb3 a5 20.Nxa5 Nxa5 21.bxa5 
Qxa5 22.Bd2 Qa6 23.a4 b4 24.Rb1 Qc6 25.Bb3 Ba6 26.Qf3 Bc4 27.h3 Qb6 28.Be1
Bd6 29.Qg4 Be2 30.f3 Bxd1 31.Rxd1 Qc6 32.Bd2 Bf8 33.Qg5 Rcd8 34.Rc1 Qb6 
35.Qg4 h5 36.Qf4 Bd6 37.Qf6 Bh2+ 0-1

[Event "3rd EUR-ch"]
[Site "Batumi GEO"]
[Date "2002.06.23"]
[Round "11"]
[White "Delchev, Alexander"]
[Black "Graf, Alexander"]
[Result "1/2-1/2"]
[WhiteElo "2550"]
[BlackElo "2623"]
[EventDate "2002.06.12"]
[PlyCount "132"]

1.c4 c5 2.Nf3 Nc6 3.d4 cxd4 4.Nxd4 Nf6 5.Nc3 e6 6.a3 Be7 7.e4 O-O 8.Nf3 b6
9.Be2 Bb7 10.O-O Qc7 11.Bg5 Rad8 12.Qd2 d6 13.b4 Nb8 14.Bd3 Nbd7 15.Rfe1 
Rfe8 16.h3 Nf8 17.Rac1 Qb8 18.Bc2 Rc8 19.Ba4 Red8 20.Qe2 Ng6 21.Nd2 Ba6 
22.Bb5 Bxb5 23.Nxb5 Qb7 24.Nf3 h6 25.Bd2 a6 26.Nbd4 Nd7 27.b5 Re8 28.Nc6 
Bf8 29.Nfd4 Nde5 30.a4 Ra8 31.a5 Ne7 32.Nb4 bxa5 33.Nxa6 N7g6 34.Nb3 a4 
35.Na5 Qb6 36.Qe3 Qxe3 37.Rxe3 Nf4 38.Nc7 Rxa5 39.Bxa5 Rc8 40.b6 Nfd3 41.
Rc2 Nc5 42.Bb4 Ned7 43.Bxc5 Nxc5 44.Rb2 Rb8 45.Rb5 Rb7 46.Re2 Be7 47.Ra2 
Bf6 48.Kf1 g5 49.Rxc5 dxc5 50.Na8 Bd8 51.Rxa4 Bxb6 52.Nxb6 Rxb6 53.Ra8+ 
Kg7 54.Rc8 Rb1+ 55.Ke2 Rb2+ 56.Kf3 Rb3+ 57.Kg4 Kg6 58.f3 f5+ 59.exf5+ 
exf5+ 60.Kg3 f4+ 61.Kh2 Rc3 62.Rc6+ Kh5 63.Rxc5 Kh4 64.Rc8 h5 65.c5 Rc1 
66.c6 Rc2 1/2-1/2

[Event "3rd EUR-ch"]
[Site "Batumi GEO"]
[Date "2002.06.23"]
[Round "11"]
[White "Potkin, Vladimir"]
[Black "Minasian, Artashes"]
[Result "1/2-1/2"]
[WhiteElo "2493"]
[BlackElo "2572"]
[EventDate "2002.06.12"]
[PlyCount "146"]

1.e4 g6 2.d4 Bg7 3.Nf3 d6 4.Be2 Nf6 5.Nc3 c6 6.O-O O-O 7.Re1 Nbd7 8.e5 
dxe5 9.dxe5 Ng4 10.e6 fxe6 11.h3 Nge5 12.Nxe5 Nxe5 13.Qxd8 Rxd8 14.Bf4 Nf7
15.Bd3 e5 16.Bg3 Bf5 17.Ne4 Nd6 18.f3 Bxe4 19.Bxe4 Kf7 20.Rad1 Nxe4 21.
fxe4 Rd6 22.Rd3 b6 23.Bf2 Rad8 24.Ra3 R8d7 25.Be3 Bf6 26.Kf2 c5 27.Rb3 Ke8
28.a4 Kd8 29.a5 Kc7 30.axb6+ axb6 31.Ke2 Kc6 32.Ra1 Bh4 33.Ra6 Kb7 34.Rba3
Rd1 35.Ra7+ Kc6 36.Rxd7 Re1+ 37.Kd2 Kxd7 38.Ra7+ Kd6 39.Rb7 Kc6 40.Rb8 Rh1
41.Ke2 Re1+ 42.Kd2 Rh1 43.Ke2 Rb1 44.b3 Bf6 45.Rf8 Ra1 46.Rf7 h5 47.Rf8 h4
48.Rg8 Kb5 49.Rxg6 Kb4 50.Bd2+ Kb5 51.Kd3 Ra8 52.c4+ Ka6 53.Rg4 Rd8+ 54.
Kc2 Rh8 55.Rg6 Rd8 56.Be1 Rh8 57.Bf2 Kb7 58.Kc3 Ra8 59.Rg4 Ra2 60.Bxh4 
Bxh4 61.Rxh4 Rxg2 62.Rh5 Rg3+ 63.Kb2 Ka6 64.h4 Rg4 65.Rxe5 Rxh4 66.Rxe7 
Rh2+ 67.Ka3 Re2 68.e5 b5 69.cxb5+ Kxb5 70.Re8 Kc6 71.e6 Kd6 72.Rd8+ Kc7 
73.Re8 Kd6 1/2-1/2

[Event "3rd EUR-ch"]
[Site "Batumi GEO"]
[Date "2002.06.23"]
[Round "11"]
[White "Alexandrov, Alexei"]
[Black "Kallio, Heikki"]
[Result "1/2-1/2"]
[WhiteElo "2654"]
[BlackElo "2502"]
[EventDate "2002.06.12"]
[PlyCount "105"]

1.d4 d5 2.c4 c6 3.Nc3 Nf6 4.e3 a6 5.Qc2 Bg4 6.h3 Bh5 7.Qb3 b5 8.cxd5 Nxd5 
9.a4 b4 10.Nxd5 cxd5 11.Bd2 e6 12.a5 Nc6 13.Qa4 Qd7 14.Ne2 Bd6 15.Nf4 Bxf4
16.exf4 Nxd4 17.Bxb4 Bg6 18.Kd2 Nc2 19.Ra2 Nxb4 20.Qxb4 Qc7 21.Bd3 Bxd3 
22.Kxd3 Rc8 23.b3 f6 24.Qb6 Qc3+ 25.Ke2 Kf7 26.Qxa6 Qxb3 27.Rha1 Rhd8 28.
Qd3 Rc3 29.Qd2 Qc4+ 30.Ke1 Rc8 31.a6 Rd3 32.Qa5 Qxf4 33.f3 Rdc3 34.Qxc3 
Rxc3 35.a7 Qe3+ 36.Kf1 Rc8 37.a8=Q Rxa8 38.Rxa8 d4 39.R8a7+ Kg6 40.Re1 
Qd3+ 41.Kf2 Qc2+ 42.Re2 Qc5 43.Rd7 e5 44.Ra2 h5 45.Kg3 Qc1 46.Kh2 h4 47.
Ra8 Qh6 48.Rg8 Kh7 49.Rf8 Qg6 50.Kh1 Qg3 51.Rxf6 Qg5 52.Rfd6 Qf4 53.Kg1 
1/2-1/2

[Event "3rd EUR-ch"]
[Site "Batumi GEO"]
[Date "2002.06.23"]
[Round "11"]
[White "Gaprindashvili, Valerian"]
[Black "Anastasian, Ashot"]
[Result "1/2-1/2"]
[WhiteElo "2476"]
[BlackElo "2591"]
[EventDate "2002.06.12"]
[PlyCount "100"]

1.d4 Nf6 2.c4 e6 3.Nf3 b6 4.e3 Bb7 5.Nc3 d5 6.cxd5 exd5 7.Bb5+ c6 8.Bd3 
Nbd7 9.O-O Be7 10.b3 O-O 11.Bb2 Re8 12.Ne5 a6 13.Ne2 c5 14.Ng3 Bf8 15.Rc1 
g6 16.Rc2 Bg7 17.f4 Rc8 18.f5 Rc7 19.Nxd7 Rxd7 20.dxc5 bxc5 21.Rxc5 d4 22.
e4 Nxe4 23.Bxe4 Bxe4 24.Nxe4 Rxe4 25.Qd3 Re8 26.Bc1 Qh4 27.Bd2 Bh6 28.Bxh6
Qxh6 29.Rc6 Qg5 30.Rxa6 Re3 31.Ra8+ Rd8 32.Rxd8+ Qxd8 33.Qc4 Rc3 34.Qb4 
Rc2 35.Rd1 Qd5 36.Qb8+ Kg7 37.f6+ Kxf6 38.Qf4+ Kg7 39.Qxd4+ Qxd4+ 40.Rxd4 
Rxa2 41.Rd8 Rb2 42.Rb8 f5 43.b4 f4 44.b5 g5 45.g4 fxg3 46.hxg3 Kg6 47.g4 
Rb4 48.Rb6+ Kg7 49.Rb7+ Kf6 50.Rxh7 Rxb5 1/2-1/2

[Event "3rd EUR-ch"]
[Site "Batumi GEO"]
[Date "2002.06.23"]
[Round "11"]
[White "Aronian, Levon"]
[Black "Bagirov, Rufat"]
[Result "1-0"]
[WhiteElo "2571"]
[BlackElo "2516"]
[EventDate "2002.06.12"]
[PlyCount "105"]

1.d4 d5 2.c4 e6 3.Nf3 Nf6 4.Nc3 Bb4 5.Bg5 Nbd7 6.cxd5 exd5 7.Qc2 O-O 8.a3 
Bxc3+ 9.Qxc3 h6 10.Bh4 c6 11.Nd2 Qe8 12.f3 Qe6 13.e3 b6 14.Be2 Re8 15.Bf2 
c5 16.O-O Bb7 17.b3 Rac8 18.Rfe1 cxd4 19.Qxd4 Qc6 20.Nf1 Qc3 21.Rab1 Nf8 
22.Qxc3 Rxc3 23.Ng3 g6 24.Bb5 Rec8 25.Ne2 R3c5 26.a4 Ne6 27.Bg3 a6 28.Bd3 
a5 29.h4 Nd7 30.h5 g5 31.Nd4 Nxd4 32.exd4 Rc3 33.Bf5 Rd8 34.Rbc1 Rxc1 35.
Rxc1 Nf6 36.Bc7 Re8 37.g4 Bc8 38.Bd3 Re3 39.Be5 Be6 40.Bf5 Ne8 41.Bxe6 
fxe6 42.Rc6 Kf7 43.Rxb6 Rxf3 44.Kg2 Rc3 45.Rb5 Ke7 46.Rxa5 Rxb3 47.Ra7+ 
Kf8 48.a5 Rb2+ 49.Kf3 Ra2 50.Ke3 Ra3+ 51.Kd2 Rf3 52.a6 Ra3 53.Kc2 1-0

[Event "3rd EUR-ch"]
[Site "Batumi GEO"]
[Date "2002.06.23"]
[Round "11"]
[White "Petrov, Marijan"]
[Black "Gelashvili, Tamaz"]
[Result "0-1"]
[WhiteElo "2469"]
[BlackElo "2547"]
[EventDate "2002.06.12"]
[PlyCount "94"]

1.e4 Nc6 2.Nf3 d6 3.d4 Nf6 4.Nc3 Bg4 5.Be3 e6 6.Be2 d5 7.h3 Bh5 8.Ne5 Bxe2
9.Qxe2 dxe4 10.O-O Be7 11.Qc4 O-O 12.Nxc6 bxc6 13.Qxc6 Qd6 14.Qc4 Rab8 15.
Rab1 Rb4 16.Qe2 Qc6 17.Rfc1 Rfb8 18.Nd1 Nd5 19.b3 f5 20.c4 Nxe3 21.Qxe3 h6
22.Rc2 Bg5 23.Qc3 Bf6 24.Ne3 a5 25.a3 R4b7 26.Rd2 h5 27.b4 Qa4 28.c5 axb4 
29.Qc4 Qc6 30.axb4 f4 31.d5 Qb5 32.Qxe4 fxe3 33.Qxe6+ Kh8 34.Qxe3 Qc4 35.
Qf3 Rxb4 36.Qxh5+ Kg8 37.Re1 Rb1 38.Re2 Rxe1+ 39.Rxe1 Qxc5 40.Qf5 Rf8 41.
Qe6+ Kh8 42.Re4 Bg5 43.Re2 Bh4 44.Kh2 Bxf2 45.Re5 Qd6 46.g3 Qxe6 47.Rxe6 
Bc5 0-1

[Event "3rd EUR-ch"]
[Site "Batumi GEO"]
[Date "2002.06.23"]
[Round "11"]
[White "Bae, Torstein"]
[Black "Mchedlishvili, Mikheil"]
[Result "0-1"]
[WhiteElo "2314"]
[BlackElo "2540"]
[EventDate "2002.06.12"]
[PlyCount "100"]

1.e4 c5 2.Nf3 d6 3.d4 cxd4 4.Nxd4 Nf6 5.Nc3 Nc6 6.Bc4 e6 7.O-O Be7 8.Be3 
O-O 9.Kh1 a6 10.a4 Qc7 11.Qe2 Bd7 12.Rad1 Rac8 13.Ba2 Ne5 14.f4 Nc4 15.Bc1
Rfd8 16.Nf3 b5 17.e5 Ne8 18.Rd4 d5 19.axb5 axb5 20.f5 b4 21.f6 Nxf6 22.
exf6 Bxf6 23.Rxc4 dxc4 24.Ne4 Be7 25.Nfg5 Be8 26.Qf3 Rd5 27.Qh3 h6 28.Nxe6
Qd7 29.Nf4 Qxh3 30.Nxh3 Ra5 31.Bb1 Ra1 32.Bf4 Ba4 33.Kg1 c3 34.bxc3 bxc3 
35.Be5 Bc5+ 36.Nhf2 Bb4 37.Nd3 Bb5 38.Rd1 Bxd3 39.cxd3 c2 40.Bxc2 Rxd1+ 
41.Bxd1 Rc1 42.Nf2 Be1 43.Kf1 Bxf2 44.Ke2 Bb6 45.Bb3 Bc7 46.Kd2 Rc6 47.Bc3
Bf4+ 48.Kc2 Be5 49.Bc4 Bxc3 50.Kxc3 Kf8 0-1

[Event "3rd EUR-ch"]
[Site "Batumi GEO"]
[Date "2002.06.23"]
[Round "11"]
[White "Supatashvili, Khvicha"]
[Black "Zhukova, Natalia"]
[Result "1/2-1/2"]
[WhiteElo "2509"]
[BlackElo "2425"]
[EventDate "2002.06.12"]
[PlyCount "83"]

1.d4 d5 2.c4 c6 3.e3 Nf6 4.Nf3 a6 5.Bd3 Bg4 6.Qb3 Qc7 7.Ne5 Bh5 8.cxd5 
cxd5 9.Nc3 e6 10.Bd2 Nc6 11.Rc1 Bd6 12.Nxc6 bxc6 13.Na4 Bg6 14.Bxg6 hxg6 
15.Qb6 Kd7 16.Qxc7+ Kxc7 17.Ba5+ Kb7 18.Ke2 Nd7 19.Rc3 Rac8 20.Rb3+ Ka7 
21.Nb6 Nxb6 22.Bxb6+ Ka8 23.Rc3 Bb4 24.Rc2 Kb7 25.Bc5 Bxc5 26.Rxc5 Kc7 27.
Rhc1 Kd7 28.h3 Rc7 29.Ra5 Ra8 30.Rc2 Rb7 31.Rac5 Rb6 32.Kd3 Rab8 33.b3 Ra8
34.R2c3 a5 35.a4 Rab8 36.Kc2 Ra6 37.f3 Rb4 38.Rd3 Kd6 39.Rdc3 Kd7 40.Kd3 
Rab6 41.Kc2 Ra6 42.Kd3 1/2-1/2

[Event "3rd EUR-ch"]
[Site "Batumi GEO"]
[Date "2002.06.23"]
[Round "11"]
[White "Radulski, Yulian"]
[Black "Shanava, Konstantine"]
[Result "1-0"]
[WhiteElo "2501"]
[BlackElo "2390"]
[EventDate "2002.06.12"]
[PlyCount "81"]

1.e4 c5 2.Nc3 d6 3.f4 Nf6 4.Nf3 a6 5.d3 Nc6 6.h3 g6 7.g4 Bg7 8.Bg2 O-O 9.
O-O Nd7 10.f5 e6 11.Bg5 Qc7 12.Qd2 b5 13.Bh6 b4 14.Bxg7 Kxg7 15.Ne2 e5 16.
Ng3 Ne7 17.Rf2 f6 18.Raf1 gxf5 19.exf5 Bb7 20.Nh5+ Kh8 21.Qh6 Rf7 22.Nh4 
Rg8 23.Bxb7 Qxb7 24.Rg2 Qb8 25.Kh1 Qf8 26.Qe3 d5 27.Rfg1 d4 28.Qe4 Qa8 29.
Nf3 Rff8 30.g5 fxg5 31.Nxg5 Qxe4 32.dxe4 Nf6 33.Nxf6 Rxf6 34.b3 c4 35.bxc4
a5 36.c5 Rc8 37.Nf3 Ng6 38.Rg5 Rff8 39.R1g3 Nf4 40.Nxe5 Rce8 41.Rg8+ 1-0

[Event "3rd EUR-ch"]
[Site "Batumi GEO"]
[Date "2002.06.23"]
[Round "11"]
[White "Kekelidze, Mikheil"]
[Black "Dzhakaev, Dzhaka"]
[Result "1/2-1/2"]
[WhiteElo "2477"]
[BlackElo "2425"]
[EventDate "2002.06.12"]
[PlyCount "74"]

1.d4 d5 2.Nf3 Nf6 3.c4 c6 4.e3 a6 5.Nbd2 e6 6.Bd3 c5 7.O-O Nc6 8.cxd5 exd5
9.Ne5 Nxe5 10.dxe5 Ng4 11.Nf3 Be7 12.h3 Nh6 13.e4 Be6 14.exd5 Qxd5 15.Qe2 
O-O-O 16.Rd1 Qc6 17.Bxh6 gxh6 18.Be4 Qb5 19.Qe3 Rxd1+ 20.Rxd1 Qa4 21.Rc1 
Kb8 22.b4 Rc8 23.bxc5 Bxc5 24.Rxc5 Rxc5 25.Qxc5 Qxe4 26.a3 Bd5 27.Qd6+ Ka7
28.Qxh6 a5 29.Qd2 Ka6 30.Qc3 b5 31.Qc8+ Kb6 32.Qd8+ Kc6 33.Qd6+ Kb7 34.Qc5
Ka6 35.Qd6+ Kb7 36.Qd8 Ka6 37.Qd6+ Kb7 1/2-1/2

[Event "3rd EUR-ch"]
[Site "Batumi GEO"]
[Date "2002.06.23"]
[Round "11"]
[White "Yagupov, Igor"]
[Black "Kantaria, Mikheil"]
[Result "1-0"]
[WhiteElo "2474"]
[BlackElo "2259"]
[EventDate "2002.06.12"]
[PlyCount "87"]

1.e4 e6 2.d3 c5 3.Nf3 Nc6 4.g3 Be7 5.Bg2 d6 6.O-O Nf6 7.c3 Bd7 8.Re1 O-O 
9.Nbd2 Rc8 10.a3 b5 11.d4 cxd4 12.cxd4 Qb6 13.Nb3 a5 14.d5 Ne5 15.Nxe5 
dxe5 16.Be3 Qa6 17.d6 Bxd6 18.Nxa5 Bc7 19.Nb3 Bb6 20.Rc1 Bxe3 21.Rxe3 Qb6 
22.Qd2 Rxc1+ 23.Nxc1 Bc6 24.h3 Bb7 25.Ne2 h6 26.Qb4 Rd8 27.a4 Rd1+ 28.Kh2 
Bc6 29.axb5 Be8 30.Nc3 Rd2 31.Kg1 Rd4 32.Qa3 Nd7 33.Bf1 Nc5 34.b4 Nb7 35.
Na4 Qa7 36.Nc5 Qxa3 37.Rxa3 Nd6 38.Ra8 Kf8 39.b6 Rxb4 40.Ba6 Rb1+ 41.Kg2 
Ke7 42.b7 Nxb7 43.Bxb7 Rb5 44.Rxe8+ 1-0

[Event "3rd EUR-ch"]
[Site "Batumi GEO"]
[Date "2002.06.23"]
[Round "11"]
[White "Dovliatov, Sanan"]
[Black "Jirovsky, Milos"]
[Result "1/2-1/2"]
[WhiteElo "2318"]
[BlackElo "2446"]
[EventDate "2002.06.12"]
[PlyCount "67"]

1.e4 c5 2.Nf3 Nc6 3.d4 cxd4 4.Nxd4 g6 5.c4 Bg7 6.Be3 Nf6 7.Nc3 O-O 8.Be2 
d6 9.O-O Nxd4 10.Bxd4 Be6 11.f4 Qa5 12.Rc1 Rfc8 13.b3 a6 14.Na4 Nxe4 15.
Bxg7 Kxg7 16.Qd4+ Nf6 17.Nb6 Qxa2 18.Bf3 Qxb3 19.Rb1 Rxc4 20.Qf2 Qc3 21.
Nxa8 b5 22.Rfe1 d5 23.Qa7 Bf5 24.Rbd1 e6 25.Qxa6 Ra4 26.Qb7 Ne4 27.Bxe4 
Bxe4 28.Re2 Ra1 29.Rxa1 Qxa1+ 30.Kf2 Qd4+ 31.Kg3 Qd3+ 32.Kf2 Qd4+ 33.Kg3 
Qd3+ 34.Kf2 1/2-1/2

[Event "3rd EUR-ch"]
[Site "Batumi GEO"]
[Date "2002.06.23"]
[Round "11"]
[White "Cheparinov, Ivan"]
[Black "Maherramzade, Javad"]
[Result "1/2-1/2"]
[WhiteElo "2457"]
[BlackElo "2493"]
[EventDate "2002.06.12"]
[PlyCount "74"]

1.e4 c6 2.d4 d5 3.Nc3 dxe4 4.Nxe4 Bf5 5.Ng3 Bg6 6.Bc4 e6 7.N1e2 Nf6 8.O-O 
Nbd7 9.f4 Nb6 10.Bb3 Qd7 11.a4 a5 12.Qe1 Be7 13.c3 O-O 14.Qf2 Ne4 15.Nxe4 
Bxe4 16.Ng3 Bh4 17.Qe3 Bg6 18.Ne4 Nd5 19.Qf3 Be7 20.Ng3 f5 21.Re1 Bf7 22.
Be3 Bd6 23.Nh1 Qc7 24.g3 Qb6 25.Bxd5 cxd5 26.Qe2 Qa6 27.Nf2 Qxe2 28.Rxe2 
Bh5 29.Rd2 Bf3 30.Nd3 b6 31.Ne5 Be4 32.Kf2 Ra7 33.Ke2 Rb7 34.Nd3 Re8 35.
Ra2 Be7 36.Rd1 h6 37.h4 Bd6 1/2-1/2

[Event "3rd EUR-ch"]
[Site "Batumi GEO"]
[Date "2002.06.23"]
[Round "11"]
[White "Arutinian, David"]
[Black "Kempinski, Robert"]
[Result "1/2-1/2"]
[WhiteElo "2427"]
[BlackElo "2570"]
[EventDate "2002.06.12"]
[PlyCount "38"]

1.e4 c5 2.Nf3 d6 3.d4 cxd4 4.Nxd4 Nf6 5.Nc3 a6 6.Be2 e6 7.O-O Be7 8.f4 Qc7
9.Be3 O-O 10.g4 Re8 11.f5 Bf8 12.g5 Nfd7 13.Nxe6 fxe6 14.Bh5 g6 15.fxg6 
Re7 16.Nd5 Qd8 17.Nxe7+ Bxe7 18.gxh7+ Kh8 19.g6 Ne5 1/2-1/2

[Event "3rd EUR-ch"]
[Site "Batumi GEO"]
[Date "2002.06.23"]
[Round "11"]
[White "Babaev, Rashad"]
[Black "Danner, Georg"]
[Result "0-1"]
[WhiteElo "2430"]
[BlackElo "2407"]
[EventDate "2002.06.12"]
[PlyCount "106"]

1.e4 c5 2.Nf3 d6 3.d4 cxd4 4.Nxd4 Nf6 5.Nc3 a6 6.Be2 e5 7.Nb3 Be7 8.O-O 
O-O 9.Kh1 Be6 10.f4 Qc7 11.f5 Bc4 12.g4 d5 13.g5 Nxe4 14.Nxe4 dxe4 15.f6 
Bd8 16.fxg7 Kxg7 17.Be3 Be7 18.c3 a5 19.Bxc4 Qxc4 20.Qg4 Nc6 21.Nd2 Qd3 
22.Rae1 a4 23.Nxe4 Qc4 24.Rf6 Qxa2 25.Rh6 Rh8 26.Nf6 Rad8 27.Rg1 a3 28.
bxa3 Qc2 29.Rh3 Kf8 30.g6 fxg6 31.Qe6 h5 32.Rf3 Kg7 33.Nd5 Rhf8 34.Rxg6+ 
Qxg6 35.Rg3 Qxg3 36.Qh6+ Kf7 37.hxg3 Rxd5 38.Qxh5+ Ke6 39.Kg2 Kd7 40.a4 
Kc7 41.Qg6 Rfd8 42.Qe4 Bc5 43.Bg5 Be7 44.Be3 Bc5 45.Bg5 R8d7 46.Kh3 Rd3 
47.Qc4 Bf2 48.Bh4 Be1 49.a5 Rxc3 50.Qf1 Bxg3 51.Bxg3 Rg7 52.Qb5 Rcxg3+ 53.
Kh2 R3g6 0-1

[Event "3rd EUR-ch"]
[Site "Batumi GEO"]
[Date "2002.06.23"]
[Round "11"]
[White "Makharadze, Jambul"]
[Black "Asylguzhin, Radik"]
[Result "1-0"]
[WhiteElo "2302"]
[BlackElo "2387"]
[EventDate "2002.06.12"]
[PlyCount "137"]

1.d4 d6 2.c4 Nd7 3.Nf3 e5 4.Nc3 g6 5.e4 Bg7 6.Be2 c6 7.O-O Qe7 8.Re1 Nh6 
9.b3 O-O 10.dxe5 dxe5 11.Bb2 f5 12.Qc1 Re8 13.Ba3 Qd8 14.Rd1 f4 15.Bd6 g5 
16.c5 g4 17.Nd2 Qf6 18.b4 Nf8 19.Bxf8 Rxf8 20.Bc4+ Kh8 21.Nf1 g3 22.f3 
gxh2+ 23.Nxh2 Nf7 24.b5 Rg8 25.Rd2 Bf8 26.Na4 Be7 27.Qc3 Rg7 28.Rb1 Ng5 
29.bxc6 bxc6 30.Rdb2 Nf7 31.Rb8 Rxb8 32.Rxb8 Rg8 33.Qb3 Kg7 34.Ra8 Rd8 35.
Rxa7 Ng5 36.Rc7 Kf8 37.Qc2 h5 38.Bb3 Ba6 39.Nb6 Ke8 40.Ba4 Bb5 41.Bxb5 
cxb5 42.Nd5 Rxd5 43.exd5 e4 44.fxe4 Qd4+ 45.Qf2 Qxf2+ 46.Kxf2 Nxe4+ 47.Kf3
Nxc5 48.Rc8+ Kd7 49.Rh8 Na4 50.Rxh5 Nc3 51.Ng4 Nxa2 52.d6 Bxd6 53.Rxb5 Nc3
54.Ra5 Ke6 55.Nf2 Nd5 56.Nd3 Bc7 57.Rb5 Bd6 58.Nc5+ Ke5 59.Ne4 Bb4 60.Nf6 
Kxf6 61.Rxd5 Ke6 62.Rd4 Bd6 63.Rxd6+ Kxd6 64.Kxf4 Ke6 65.Kg5 Kf7 66.Kh6 
Kf6 67.g4 Kf7 68.g5 Kg8 69.Kg6 1-0

[Event "3rd EUR-ch"]
[Site "Batumi GEO"]
[Date "2002.06.23"]
[Round "11"]
[White "Chibukhchian, Artur"]
[Black "Bayram, Yakup"]
[Result "1-0"]
[WhiteElo "2379"]
[BlackElo "2312"]
[EventDate "2002.06.12"]
[PlyCount "69"]

1.e3 Nf6 2.Nf3 g6 3.b4 Bg7 4.Bb2 O-O 5.c4 a5 6.b5 a4 7.a3 c6 8.Nc3 Qa5 9.
Rb1 d5 10.Ba1 Ne4 11.Nxe4 Bxa1 12.Rxa1 dxe4 13.Ng5 Rd8 14.Nxe4 Bf5 15.Ng5 
Nd7 16.g4 Be6 17.Nxe6 fxe6 18.Qc2 Nc5 19.Rd1 cxb5 20.cxb5 Rac8 21.Bc4 Nd3+
22.Ke2 Qb6 23.Qa2 Rd6 24.Bxd3 Rxd3 25.Kxd3 Qxb5+ 26.Ke4 Qc6+ 27.Kd3 Qb5+ 
28.Ke4 Qc6+ 29.Kf4 Rf8+ 30.Ke5 Qd6+ 31.Ke4 Qc6+ 32.Kd3 Rxf2 33.Qc4 Qd6+ 
34.Kc2 Qxa3 35.Rhf1 1-0

[Event "3rd EUR-ch"]
[Site "Batumi GEO"]
[Date "2002.06.23"]
[Round "11"]
[White "Magalashvili, Davit"]
[Black "Matnadze, Ana"]
[Result "1/2-1/2"]
[WhiteElo "2160"]
[BlackElo "2365"]
[EventDate "2002.06.12"]
[PlyCount "269"]

1.d4 Nf6 2.c4 e6 3.g3 d5 4.Bg2 g6 5.Nf3 Bg7 6.O-O O-O 7.Nc3 Na6 8.cxd5 
exd5 9.Bf4 c6 10.a3 Nc7 11.b4 a5 12.Qb3 axb4 13.axb4 Rxa1 14.Rxa1 Ne4 15.
Bxc7 Qxc7 16.e3 Nxc3 17.Qxc3 Be6 18.Ne1 Rc8 19.Nd3 b6 20.h4 c5 21.bxc5 
bxc5 22.Rc1 c4 23.Nf4 Qb7 24.Qa5 Qb2 25.Qc3 Qb5 26.Ra1 Bf8 27.e4 dxe4 28.
Nxe6 fxe6 29.Bxe4 Bg7 30.Rc1 Qb6 31.Rd1 Kh8 32.Kg2 Qb3 33.Qxb3 cxb3 34.Rb1
Rb8 35.d5 exd5 36.Bxd5 b2 37.Kf3 Bh6 38.Be4 Bc1 39.Ke2 Kg7 40.f3 Rd8 41.
Bd3 Rd7 42.f4 Re7+ 43.Kf2 Rb7 44.Kf3 Kf6 45.Be4 Ra7 46.Bc2 Ke6 47.Be4 Kd6 
48.Kg4 Ra4 49.Bc2 Rc4 50.Bd1 Rc5 51.Be2 Ra5 52.Bd1 Ra3 53.Bc2 h5+ 54.Kh3 
Bxf4 55.Rg1 Ra1 56.Rg2 Be5 57.Bxg6 b1=Q 58.Bxb1 Rxb1 59.Rd2+ Ke6 60.Rd3 
Rb2 61.Rf3 Ra2 62.Rb3 Kf5 63.Re3 Rb2 64.Ra3 Ke4 65.Ra4+ Kf3 66.Ra3+ Ke4 
67.Ra4+ Bd4 68.Ra5 Be5 69.Ra4+ Kf3 70.Ra5 Re2 71.Ra3+ Ke4 72.Ra4+ Kd5 73.
Ra5+ Kd4 74.Ra3 Kc4 75.Rf3 Bd6 76.Rf6 Rd2 77.Rf3 Kd4 78.Rb3 Rf2 79.Rb6 Kd5
80.Rb3 Bc5 81.Rd3+ Ke4 82.Rc3 Bd6 83.Rb3 Rd2 84.Rc3 Rb2 85.Rc4+ Kf3 86.
Rc3+ Ke4 87.Rc4+ Kd5 88.Rc3 Kd4 89.Rf3 Re2 90.Rb3 Rf2 91.Rb6 Kc5 92.Rb3 
Kc4 93.Re3 Rd2 94.Rf3 Kd4 95.Rb3 Ke4 96.Rc3 Rb2 97.Rc4+ Kd5 98.Rc3 Bc5 99.
Rf3 Ke4 100.Rf4+ Ke5 101.Rf3 Bd6 102.Rd3 Rb5 103.Rc3 Kd4 104.Rf3 Be5 105.
Ra3 Ke4 106.Ra4+ Kf3 107.Ra3+ Ke4 108.Ra4+ Bd4 109.Ra3 Rb4 110.Ra5 Be5 
111.Ra3 Rc4 112.Rb3 Bd6 113.Rb6 Rd4 114.Rb3 Bb4 115.Kg2 Rd2+ 116.Kh3 Rd4 
117.Kg2 Rc4 118.Kh3 Bc5 119.Kg2 Rc2+ 120.Kh3 Bg1 121.g4 Kf4 122.Rb4+ Kf3 
123.Rb3+ Be3 124.gxh5 Rc5 125.h6 Rh5 126.Rxe3+ Kxe3 127.Kg4 Rxh6 128.Kg5 
Ra6 129.h5 Ra5+ 130.Kg4 Ke4 131.h6 Ke5 132.h7 Ra8 133.Kg5 Ke6 134.Kg6 Ke7 
135.Kg7 1/2-1/2